000 00279nam a22001217a 4500
008 170627b xxu||||| |||| 00| 0 eng d
041 _aeng
080 _a82
100 _a21
101 _aGJL
245 _aTWO VOICES WRITING ABOUT LITERATURE
_cSYMES.K.M
942 _2udc
_cBK
999 _c19186
_d19186